000
00289nam a22001337a 4500
008
170424b xxu||||| |||| 00| 0 eng d
020
_a
9780716743835
041
_a
eng
080
_2
5TH
_a
577
100
_a
12
101
_a
SHM
245
_a
BIOCHEMISTRY
_c
GUMPORT, R.I
942
_2
udc
_c
BK
999
_c
11673
_d
11673